| 000 | 00433nam a2200133Ia 4500 | ||
|---|---|---|---|
| 008 | 230907s9999||||xx |||||||||||||| ||und|| | ||
| 082 |
_a301.4519 _bDIJ |
||
| 100 |
_aDiJun, Fan; Zhenghe, Zhang and Ghuang, Liu. _9116238 |
||
| 245 | 0 | _aRising Tide of Chinese Rural Reform Stories : Changing Lives of Farmers / | |
| 260 |
_aHuang shan Publishing House, _c2018 |
||
| 300 | _a293 p. : | ||
| 650 |
_aChinese Studies _9116239 |
||
| 942 | _cBK | ||
| 999 |
_c601652 _d601652 |
||